000 01428nam0a22002651 4500
001 rc\3739477
005 20260407192248.0
021 _aRU
_bРг3780-72
021 _aRU
_b71-72867
035 _a(NLR Aleph) 007783698
090 _a7597070
_c7597070
100 _a20130115d1971 |||y0rusy50 ca
101 0 _arus
102 _aRU
105 _aa g |||||
200 1 _aСправочно-информационное обслуживание в геологических организациях Министерства геологии СССР
_eМатериалы школы передового опыта "Обмен опытом работы по справочно-информ. обслуживанию геол. организаций и учреждений"
_f[Науч. ред. В.Я. Комарский]
_gМ-во геологии РСФСР. ВИЭМС. Уральское территор. геол. упр. Центр. правл. НТО горное. Свердл. территор. правл. НТО горное
210 _aСвердловск
_cБ. и.
_d1971
215 _a78 с.
_cил.
_d21
702 1 _aКомарский
_bВ.Я.
_4340
712 0 2 _aУральское территориальное геологическое управление
_3RU\NLR\AUTH\8810125629
_9748677
801 0 _aRU
_bNLR
_gpsbo
801 1 _aRU
_bELAR
_2rusmarc
852 _aNLR
_j72-4/4447
942 _cBOOK
980 _aNB